000 00823nam a2200253Ia 4500
003 OSt
005 20220928123916.0
006 a|||||r|||| 00| 0
007 ta
008 220927b |||||||| |||| 00| 0 eng d
020 _cINR 750.00
024 _a144675
037 _b016, 26/02/2021, Excel Book International
_cTextual
040 _aSDCL
_cSDCL
_beng
041 _2eng
_aeng
082 _aY592.4447, R0
100 _aBhatia Mohita
_9462134
245 0 _aRethinking conflict at the margins
_b Dalits and borderland hindus in Jammu and Kashmir
260 _aNew Delhi
_bCambridge University Press
_c2020
300 _axv,211p.
_ccm.
650 _aPolitical Science
942 _hY592.4447, R0
_cTEXL
_2CC
999 _c775140
_d775140